|
|
|
|
| LEADER |
00836nab a2200193 i 4500 |
| 001 |
univ13913 |
| 005 |
20241104103246.0 |
| 008 |
180202s1976 hu o 000 hun d |
| 022 |
|
|
|a 0230-791X
|
| 040 |
|
|
|a SZTE UnivHistória Repozitórium
|b hun
|
| 041 |
|
|
|a hun
|
| 100 |
1 |
|
|a Solténszky Tibor
|
| 245 |
1 |
0 |
|a Hej, fesztivál, fesztivál...
|h [elektronikus dokumentum] :
|b az egyetemi és főiskolai színjátszócsoportok és irodalmi színpadok országos bemutatójáról /
|c Solténszky Tibor
|
| 260 |
|
|
|c 1976
|
| 300 |
|
|
|a 6
|
| 490 |
0 |
|
|a Szegedi Egyetem
|v 14 No. 7
|
| 561 |
|
|
|a Egyetemi, hallgatói élet
|
| 695 |
|
|
|a Szegedi Egyetemi Színpad, Egyetemi és Főiskolai Színjátszó-csoportok és Irodalmi Színpadok Országos Bemutatója - beszámoló
|
| 856 |
4 |
0 |
|u http://univ.bibl.u-szeged.hu/13913/1/sze_1976_007_006.pdf
|z Dokumentum-elérés
|